[Event "Novosibirsk AS-90 Seniors op"]
[Site "Novosibirsk"]
[Date "2010.12.02"]
[Round "9.14"]
[White "Popova, Adelanda"]
[Black "Smirnova, Elena"]
[Result "1/2-1/2"]
[WhiteElo "1614"]
[BlackElo "1886"]
[PlyCount "51"]
[EventDate "2010.11.05"]
[EventType "swiss"]
[EventRounds "9"]
[EventCountry "RUS"]
[SourceTitle "EXT 2022"]
[Source "ChessBase"]
[SourceDate "2021.10.06"]
[SourceVersion "1"]
[SourceVersionDate "2021.10.06"]
[SourceQuality "1"]

1. d4 d5 2. Nf3 Nf6 3. e3 c6 4. h3 Nbd7 5. c4 b6 6. cxd5 cxd5 7. Bb5 a6 8. Bc6 Ra7 9. Ne5 e6 10. Qa4 Bd6 11. Bxd7+ Nxd7 12. Nc6 Qc7 13. 0-0 b5 14. Qc2 Bb7 15. Nb4 Qb6 16. Nd3 0-0 17. a3 Rc8 18. Qd2 Nf6 19. f3 Ba8 20. Nc3 Rac7 21. Qd1 a5 22. Bd2 Bb7 23. Rc1 Ba6 24. b4 axb4 25. axb4 Rc4 26. Nc5 1/2-1/2

[Event "Novosibirsk AS-90 Seniors op"]
[Site "Novosibirsk"]
[Date "2010.11.30"]
[Round "8.15"]
[White "Smirnova, Elena"]
[Black "Elchaninova, Galina"]
[Result "1-0"]
[WhiteElo "1886"]
[BlackElo "1655"]
[PlyCount "33"]
[EventDate "2010.11.05"]
[EventType "swiss"]
[EventRounds "9"]
[EventCountry "RUS"]
[SourceTitle "EXT 2022"]
[Source "ChessBase"]
[SourceDate "2021.10.06"]
[SourceVersion "1"]
[SourceVersionDate "2021.10.06"]
[SourceQuality "1"]

1. e4 c5 2. Nf3 Nc6 3. d4 cxd4 4. Nxd4 Qb6 5. Nb3 d6 6. Nc3 a6 7. Bd3 Be6 8. 0-0 Bxb3 9. axb3 e6 10. Be3 Qc7 11. Na4 Qe7 12. Nb6 Rd8 13. c3 g6 14. Qc2 h6 15. f4 e5 16. fxe5 Nxe5 17. Nd5 1-0

[Event "Novosibirsk Region-ch Seniors"]
[Site "Novosibirsk"]
[Date "2009.02.??"]
[Round "2"]
[White "Smirnova, Elena"]
[Black "Ignatov, Anatoly"]
[Result "1-0"]
[WhiteElo "1851"]
[BlackElo "1898"]
[PlyCount "71"]
[EventDate "2009.02.??"]
[EventType "swiss"]
[EventRounds "9"]
[EventCountry "RUS"]
[SourceTitle "EXT 2012"]
[Source "ChessBase"]
[SourceDate "2011.11.24"]
[SourceVersion "1"]
[SourceVersionDate "2011.11.24"]
[SourceQuality "1"]

1. e4 d6 2. Nc3 Nf6 3. Nf3 g6 4. Bc4 Bg7 5. d4 0-0 6. 0-0 Nxe4 7. Bxf7+ Rxf7 8. Nxe4 h6 9. Qd3 e6 10. Be3 b6 11. Qd2 Kh7 12. Ng3 Bb7 13. Ne1 Nd7 14. f3 Qe7 15. Nd3 e5 16. c3 Raf8 17. Rae1 Qe6 18. b3 c5 19. dxc5 bxc5 20. Nf2 Nf6 21. Nfe4 Nxe4 22. Nxe4 Rd7 23. Qc2 c4 24. Ng3 cxb3 25. axb3 d5 26. Rf2 Bc6 27. Bc5 Rc8 28. b4 Bb5 29. Nh5 Qf7 30. Nxg7 Qxg7 31. Qd2 a5 32. Qe3 axb4 33. cxb4 d4 34. Qxe5 Bc4 35. Bxd4 Rxd4 36. Qxg7+ 1-0

[Event "SFR-ch Seniors"]
[Site "Novosibirsk"]
[Date "2008.10.13"]
[Round "6"]
[White "Smirnova, Elena"]
[Black "Klyushnichenko, Victor"]
[Result "1-0"]
[WhiteElo "1820"]
[BlackElo "2027"]
[PlyCount "79"]
[EventDate "2008.10.08"]
[EventType "swiss"]
[EventRounds "9"]
[EventCountry "RUS"]
[SourceTitle "EXT 2022"]
[Source "ChessBase"]
[SourceDate "2021.10.06"]
[SourceVersion "1"]
[SourceVersionDate "2021.10.06"]
[SourceQuality "1"]

1. e4 c6 2. d4 d5 3. Nc3 dxe4 4. Nxe4 Bf5 5. Ng3 Bg6 6. Nf3 h6 7. Bc4 Nd7 8. 0-0 e6 9. Bf4 Ngf6 10. Ne5 Nxe5 11. dxe5 Qxd1 12. Raxd1 Nd5 13. Bxd5 cxd5 14. c3 Bc5 15. Ne2 Rc8 16. Nd4 Bb6 17. Nb5 Ke7 18. Rd2 Rhd8 19. Bg3 f6 20. Kh1 f5 21. Bh4+ Kd7 22. Bxd8 Kxd8 23. Nd4 Ke7 24. f4 Be8 25. h3 h5 26. Rg1 Bg6 27. Rf1 a6 28. Rf3 h4 29. Rfd3 Be8 30. Kh2 Rc4 31. b3 Rc8 32. a4 Ba5 33. b4 Bc7 34. Ra2 g5 35. g3 Bh5 36. Rad2 Rg8 37. Nf3 hxg3+ 38. Kxg3 g4 39. Ng5 gxh3 40. Kxh3 1-0